| 000 | 00586nam a2200193Ia 4500 | ||
|---|---|---|---|
| 003 | GCL | ||
| 008 | 140319s9999 xx 000 0 ara d | ||
| 040 |
_aGCL / _cGCL |
||
| 082 | 0 | 4 |
_aط _b920.72 _bس س |
| 100 | 1 | _aحفيظة حلمى | |
| 245 | 1 | 0 |
_aسوسن النمرسى والعربى الصغير / _cحفيظة حلمى |
| 700 | 1 | _aفاطمة يسرا محمد | |
| 300 | _a28 ص | ||
| 490 |
_aالهيئة العامة للاستعلامات _v0 |
||
| 650 | 0 | 4 | _aالتراجم |
| 650 | 0 | 4 | _aسوسن النمرسى |
| 650 | 0 | 4 | _aالنساء - تراجم |
| 942 |
_2ddc _cBK |
||
| 999 |
_c50875 _d50875 |
||